[Event "Superbet CRO Blitz 2024"]
[Site "Zagreb CRO"]
[Date "2024.07.14"]
[Round "12.4"]
[White "Caruana, Fabiano"]
[Black "Vidit, Santosh Gujrathi"]
[Result "1-0"]
[WhiteTitle "GM"]
[BlackTitle "GM"]
[WhiteElo "2796"]
[BlackElo "2720"]
[WhiteFideId "2020009"]
[BlackFideId "5029465"]
[EventDate "2024.07.13"]

1. c4 e5 2. g3 Nf6 3. Bg2 h6 4. d3 Bb4+ 5. Nd2 O-O 6. a3 Bxd2+ 7. Bxd2 d5 8.
cxd5 Nxd5 9. Qb3 Nb6 10. Rc1 Re8 11. Qc2 c6 12. Nf3 Bf5 13. e4 Bg4 14. O-O N8d7
15. b4 Nf8 16. Bc3 Bxf3 17. Bxf3 Ne6 18. Bg2 Nd4 19. Qa2 Na4 20. Ba1 a5 21. bxa5
Rxa5 22. f4 exf4 23. Rxf4 Ne6 24. Rf3 Nac5 25. Rcf1 Re7 26. Kh1 Nxd3 27. Bc3 Ra8
28. Qc4 Ndc5 29. Bb4 b6 30. e5 Qd4 31. Qe2 Rd8 32. R3f2 Rc7 33. Qh5 Rdd7 34. Rd2
Qc4 35. Rxd7 Rxd7 36. Qf5 Nd4 37. Qg4 Qe6 38. Qxe6 Ncxe6 39. Bd6 Ra7 40. Rb1 b5
41. Be4 c5 42. Ra1 Ra4 43. Bd5 Nc2 44. Ra2 Ncd4 45. Kg2 c4 46. Rb2 c3 47. Rb1 c2
48. Rc1 Ra7 49. Kf2 Ra4 50. Ke3 g5 51. Bb4 Ra7 52. Bxe6 Nxe6 53. Rxc2 Rd7 54.
Bd6 Ra7 55. Rc8+ Kg7 56. Rb8 Nc7 57. Ke4 h5 58. Kf5 Ne6 59. Ke4 Ra4+ 60. Bb4
Nc5+ 61. Kf5 Ne6 62. Be7 Nd4+ 63. Kxg5 Ne6+ 64. Kxh5 f5 65. exf6+ Kf7 66. Rb7
Ra8 67. Kg4 Kg6 68. h4 Rg8 69. h5+ Kh6+ 70. Kf5 Nd4+ 71. Ke4 Rg4+ 72. Kd5 Nf5
73. Bc5 1-0

[Event "Superbet CRO Blitz 2024"]
[Site "Zagreb CRO"]
[Date "2024.07.14"]
[Round "12.5"]
[White "Nepomniachtchi, Ian"]
[Black "Gukesh, D"]
[Result "1/2-1/2"]
[WhiteTitle "GM"]
[BlackTitle "GM"]
[WhiteElo "2770"]
[BlackElo "2763"]
[WhiteFideId "4168119"]
[BlackFideId "46616543"]
[EventDate "2024.07.13"]

1. e4 c5 2. Nf3 Nc6 3. d4 cxd4 4. Nxd4 Nf6 5. Nc3 e5 6. Ndb5 d6 7. Bg5 a6 8. Na3
b5 9. Nd5 Be7 10. Bxf6 Bxf6 11. c4 b4 12. Nc2 a5 13. g3 Bg5 14. h4 Bh6 15. Qd3
O-O 16. Nce3 Nd4 17. O-O-O Bg4 18. Rd2 Bf3 19. Rg1 b3 20. a3 f5 21. exf5 Bxd5
22. Nxd5 Bxd2+ 23. Kxd2 Rxf5 24. f4 Rf8 25. Bg2 Ra7 26. Be4 g6 27. Kc1 Ne6 28.
Qxb3 Nc5 29. Qc2 Rb7 30. Kb1 Rb3 31. Ka2 Qd7 32. h5 Qg7 33. Nc3 Rfb8 34. Bd5+
Kh8 35. Nb5 a4 36. hxg6 Nd3 37. Rb1 Qxg6 38. Qd2 e4 39. g4 e3 40. Qh2 e2 41. f5
Qf6 42. Qxe2 Rxb2+ 43. Qxb2 Nxb2 44. Rxb2 Re8 45. Nc7 Rc8 46. Ne6 Qc3 47. g5 Kg8
48. f6 Kf7 49. Nf4+ Kf8 50. Ne6+ Ke8 51. Ng7+ Kd8 52. Ne6+ Ke8 53. Ng7+ Kf8 54.
Ne6+ Ke8 55. Ng7+ Kf8 56. Ne6+ Ke8 57. Ng7+ Kf8 58. Ne6+ Ke8 1/2-1/2

[Event "Superbet CRO Blitz 2024"]
[Site "Zagreb CRO"]
[Date "2024.07.14"]
[Round "13.1"]
[White "Vachier-Lagrave, Maxime"]
[Black "Nepomniachtchi, Ian"]
[Result "0-1"]
[WhiteTitle "GM"]
[BlackTitle "GM"]
[WhiteElo "2718"]
[BlackElo "2770"]
[WhiteFideId "623539"]
[BlackFideId "4168119"]
[EventDate "2024.07.13"]

1. e4 c5 2. Nf3 d6 3. d4 cxd4 4. Nxd4 Nf6 5. Nc3 a6 6. Bc4 e6 7. a4 Nc6 8. O-O
Qc7 9. Bb3 Be7 10. Be3 Na5 11. f4 O-O 12. Qf3 e5 13. Nf5 Bxf5 14. exf5 Nxb3 15.
cxb3 Rac8 16. Rad1 Rfe8 17. g4 exf4 18. Bxf4 h6 19. Kh1 Bf8 20. g5 hxg5 21. Bxg5
Nh7 22. Be3 Qc6 23. Nd5 Re5 24. Rc1 Qe8 25. Rxc8 Qxc8 26. Bd4 Ng5 27. Qg2 Rxf5
28. Rxf5 Qxf5 29. h4 Qe4 30. Qxe4 Nxe4 31. b4 f5 32. Kg2 Kf7 33. h5 g6 34. hxg6+
Kxg6 35. Kf3 Nd2+ 36. Ke2 Nc4 37. b3 Ne5 38. Bb6 Kf7 39. Be3 Ke6 40. Nf4+ Kd7
41. Nd5 Nc6 42. Kf3 Ne7 43. Nb6+ Ke6 44. Bd2 d5 45. b5 axb5 46. axb5 Ng6 47. Na4
Ne5+ 48. Ke2 d4 49. Bf4 Nd7 50. Nb2 Nc5 51. b4 Ne4 52. Kd3 Kd5 53. Na4 Bxb4 54.
Nb6+ Ke6 55. Na8 Bd6 56. Bxd6 Nxd6 57. Kxd4 Nxb5+ 58. Ke3 Nc3 59. Nc7+ Ke5 60.
Kd3 Nd5 61. Nb5 f4 62. Na3 f3 63. Nc4+ Kf4 64. Nd6 b6 65. Kd2 Kg3 0-1

[Event "Superbet CRO Blitz 2024"]
[Site "Zagreb CRO"]
[Date "2024.07.14"]
[Round "13.2"]
[White "Vidit, Santosh Gujrathi"]
[Black "Gukesh, D"]
[Result "1-0"]
[WhiteTitle "GM"]
[BlackTitle "GM"]
[WhiteElo "2720"]
[BlackElo "2763"]
[WhiteFideId "5029465"]
[BlackFideId "46616543"]
[EventDate "2024.07.13"]

1. Nf3 Nf6 2. c4 e6 3. Nc3 d5 4. e3 b6 5. b3 Bb7 6. Bb2 Nbd7 7. g3 dxc4 8. bxc4
Nc5 9. d4 Nce4 10. Qa4+ Qd7 11. Qxd7+ Nxd7 12. Bg2 Bb4 13. Rc1 O-O-O 14. Ke2
Bxc3 15. Bxc3 c5 16. Bb2 Ndf6 17. Ne5 Rhf8 18. f3 Nd6 19. dxc5 bxc5 20. Ba3 Nd7
21. Nxd7 Rxd7 22. Bxc5 Rfd8 23. Rhd1 Nxc4 24. Rxd7 Rxd7 25. Ke1 Na5 26. Bxa7+
Nc6 27. f4 Kc7 28. a4 Rd3 29. a5 Ra3 30. Bb6+ Kd7 31. Rc2 f5 32. Kf2 Rb3 33.
Rd2+ Ke8 34. Bf3 g6 35. h3 Ke7 36. g4 Ke8 37. Rd6 Rb2+ 38. Kg3 Rc2 39. Rxe6+ Kd7
40. gxf5 gxf5 41. Rh6 1-0

[Event "Superbet CRO Blitz 2024"]
[Site "Zagreb CRO"]
[Date "2024.07.14"]
[Round "13.3"]
[White "Firouzja, Alireza"]
[Black "Giri, Anish"]
[Result "1-0"]
[WhiteTitle "GM"]
[BlackTitle "GM"]
[WhiteElo "2744"]
[BlackElo "2745"]
[WhiteFideId "12573981"]
[BlackFideId "24116068"]
[EventDate "2024.07.13"]

1. e4 c5 2. Nf3 d6 3. d4 cxd4 4. Nxd4 Nf6 5. Nc3 a6 6. h3 e5 7. Nb3 Be7 8. Be3
Be6 9. Qf3 Nbd7 10. O-O-O Nb6 11. Nc5 Rc8 12. g4 Nfd7 13. Nxe6 fxe6 14. g5 Rxc3
15. bxc3 Qc7 16. Qg4 Qxc3 17. Qxe6 Nc5 18. Bxc5 Qxc5 19. Rd3 Rf8 20. Rb3 Rxf2
21. Bd3 Kf8 22. h4 a5 23. Kb1 a4 24. Rb5 Qc6 25. a3 Bd8 26. Rf1 Rxf1+ 27. Bxf1
g6 28. Bd3 Kg7 29. Ra5 Qc3 30. Rb5 Qe1+ 31. Ka2 Qxh4 32. Rxb6 1-0

[Event "Superbet CRO Blitz 2024"]
[Site "Zagreb CRO"]
[Date "2024.07.14"]
[Round "13.4"]
[White "So, Wesley"]
[Black "Aronian, Levon"]
[Result "1/2-1/2"]
[WhiteTitle "GM"]
[BlackTitle "GM"]
[WhiteElo "2757"]
[BlackElo "2729"]
[WhiteFideId "5202213"]
[BlackFideId "13300474"]
[EventDate "2024.07.13"]

1. e4 e6 2. d4 d5 3. Nc3 Bb4 4. e5 c5 5. a3 Ba5 6. b4 cxd4 7. Nb5 Bb6 8. Nf3 Nc6
9. Bd3 Nge7 10. O-O Ng6 11. Bxg6 hxg6 12. Nd6+ Kf8 13. Bf4 Bc7 14. Nb5 Bb6 15.
Nd6 Bc7 16. Nb5 Bb6 17. Re1 a6 18. Nd6 Bc7 19. Bg3 Nxe5 20. Nxe5 Bxd6 21. Qxd4
Bxe5 22. Rxe5 b5 23. Re3 Kg8 24. Rc3 f6 25. Rc7 Bd7 26. h4 Rc8 27. Ra7 Ra8 28.
Rc7 Rc8 29. Ra7 Ra8 30. Rc7 1/2-1/2

[Event "Superbet CRO Blitz 2024"]
[Site "Zagreb CRO"]
[Date "2024.07.14"]
[Round "13.5"]
[White "Saric, Ivan"]
[Black "Caruana, Fabiano"]
[Result "1/2-1/2"]
[WhiteTitle "GM"]
[BlackTitle "GM"]
[WhiteElo "2690"]
[BlackElo "2796"]
[WhiteFideId "14508150"]
[BlackFideId "2020009"]
[EventDate "2024.07.13"]

1. e4 e5 2. Nf3 Nc6 3. Bb5 a6 4. Ba4 Nf6 5. O-O Bc5 6. c3 b5 7. Bb3 d6 8. a4 Bg4
9. h3 Bh5 10. d3 Na5 11. Bc2 b4 12. Nbd2 O-O 13. Re1 Rb8 14. Nf1 Re8 15. Ng3 Bg6
16. d4 Ba7 17. cxb4 Nc6 18. dxe5 dxe5 19. Qxd8 Rexd8 20. b5 axb5 21. axb5 Nd4
22. Nxd4 Bxd4 23. Ne2 Bxe4 24. Bxe4 Nxe4 25. Nxd4 Rxd4 26. f3 Nd6 27. Rxe5 Rd1+
28. Kf2 h6 29. Re1 Rd5 30. Bf4 Rdxb5 31. Be5 R8b7 32. Rac1 Kh7 33. Re2 Ne8 34.
g4 Kg6 35. h4 h5 36. Rc6+ f6 37. Bc3 Nd6 38. Re7 Rd5 39. Rcxc7 Rxc7 40. Rxc7 Nb5
41. Rc4 Nxc3 42. bxc3 Rd2+ 43. Kg3 Rd3 44. Kf4 Rd1 45. Rc7 Rh1 46. gxh5+ Kh6 47.
Kg3 Rg1+ 48. Kf2 Rh1 49. c4 Rxh4 50. Rc8 Kh7 51. c5 Rxh5 52. Ke3 Rd5 53. c6 Kg6
54. Ke4 Rd6 55. f4 Kf7 56. c7 Rc6 57. Kd5 Rc1 58. Kd6 Rd1+ 59. Kc6 Rc1+ 60. Kd6
Rd1+ 61. Kc5 Rc1+ 62. Kb6 Rb1+ 63. Kc6 Rc1+ 64. Kd6 Rd1+ 65. Kc6 1/2-1/2

[Event "Superbet CRO Blitz 2024"]
[Site "Zagreb CRO"]
[Date "2024.07.14"]
[Round "14.1"]
[White "Gukesh, D"]
[Black "Saric, Ivan"]
[Result "1/2-1/2"]
[WhiteTitle "GM"]
[BlackTitle "GM"]
[WhiteElo "2763"]
[BlackElo "2690"]
[WhiteFideId "46616543"]
[BlackFideId "14508150"]
[EventDate "2024.07.13"]

1. Nf3 d5 2. g3 g6 3. Bg2 Bg7 4. O-O Nf6 5. c4 c6 6. b3 Ne4 7. d4 O-O 8. Bb2 a5
9. Nc3 Bf5 10. e3 Nxc3 11. Bxc3 Be4 12. Bh3 Bxf3 13. Qxf3 e6 14. Qe2 Nd7 15.
Rfc1 Nf6 16. Bg2 Ne8 17. b4 axb4 18. Bxb4 Nd6 19. cxd5 exd5 20. a4 Re8 21. Qc2
h5 22. a5 Nc4 23. a6 b5 24. Bc5 Bf8 25. Bxf8 Kxf8 26. e4 dxe4 27. Bxe4 Qb6 28.
a7 Re7 29. Rab1 Qxd4 30. Bxc6 Raxa7 31. Rxb5 Ne5 32. Rd1 Ra1 33. Rxa1 Qxa1+ 34.
Rb1 Qd4 35. Bg2 Kg7 36. Rd1 Qb6 37. Qc3 Qf6 38. h3 h4 39. gxh4 Qxh4 40. Rd8 Qf6
41. Ra8 Rd7 42. Qe1 Nd3 43. Qf1 Nf4 44. Ra3 Rd2 45. Rf3 Qe5 46. Kh1 Re2 47. Rxf4
Re1 48. Rf3 Rxf1+ 49. Bxf1 Qe1 50. Kg1 f5 51. Re3 Qd2 52. Rd3 Qb2 53. Rf3 Kf6
54. Kg2 Qd4 55. Kg1 Qd5 56. Re3 Qc5 57. Rf3 Kg5 58. Rg3+ Kf6 59. Rf3 Qb6 60. Ra3
Qc5 61. Rf3 Kg5 62. Rg3+ Kf6 1/2-1/2

[Event "Superbet CRO Blitz 2024"]
[Site "Zagreb CRO"]
[Date "2024.07.14"]
[Round "14.2"]
[White "Aronian, Levon"]
[Black "Firouzja, Alireza"]
[Result "0-1"]
[WhiteTitle "GM"]
[BlackTitle "GM"]
[WhiteElo "2729"]
[BlackElo "2744"]
[WhiteFideId "13300474"]
[BlackFideId "12573981"]
[EventDate "2024.07.13"]

1. e4 c5 2. Nf3 d6 3. c3 Nf6 4. Be2 Bd7 5. d3 Nc6 6. O-O e6 7. Be3 Be7 8. h3 h6
9. Nbd2 g5 10. d4 cxd4 11. cxd4 g4 12. hxg4 Nxg4 13. d5 exd5 14. exd5 Nxe3 15.
fxe3 Nb4 16. Nd4 Bg5 17. Nc4 O-O 18. Qb3 Nxd5 19. Bf3 Nf6 20. Nxd6 Qe7 21. N4f5
Qe5 22. Qc3 Qxc3 23. bxc3 Rab8 24. Rad1 Be6 25. c4 b6 26. Bd5 Rbd8 27. e4 Ng4
28. Rd3 Ne5 29. Rh3 Kh7 30. Nb5 Nxc4 31. Nc7 Nd2 32. Bxe6 Nxf1 33. Kxf1 Rd1+ 34.
Ke2 Rd2+ 35. Ke1 Rc2 36. Bxf7 Rxf7 37. Ne6 Kg6 38. g4 Kf6 39. Ned4 Rxa2 40. Nc6
Rc7 41. e5+ Ke6 42. Nfd4+ Kd5 43. Nb4+ Kxd4 44. Nxa2 Kxe5 45. Nb4 Rc4 46. Nd3+
Kd5 47. Nf2 a5 48. Rb3 Kc6 49. Nd3 Bf6 0-1

[Event "Superbet CRO Blitz 2024"]
[Site "Zagreb CRO"]
[Date "2024.07.14"]
[Round "14.3"]
[White "Caruana, Fabiano"]
[Black "So, Wesley"]
[Result "0-1"]
[WhiteTitle "GM"]
[BlackTitle "GM"]
[WhiteElo "2796"]
[BlackElo "2757"]
[WhiteFideId "2020009"]
[BlackFideId "5202213"]
[EventDate "2024.07.13"]

1. c4 e5 2. d3 Nf6 3. Nf3 Nc6 4. a3 g6 5. e3 Bg7 6. Be2 e4 7. dxe4 Nxe4 8. Qc2
Qe7 9. Ra2 d6 10. b4 Bf5 11. Bd3 O-O 12. O-O Rfe8 13. Bb2 Bxb2 14. Rxb2 a5 15.
b5 Ne5 16. Nd4 Nxd3 17. Nxf5 Qe5 18. Ra2 Ndxf2 19. Ng3 Nxg3 20. Rxf2 Nf5 21. Nc3
Nxe3 22. Qd2 Nxc4 23. Qd3 Qe1+ 24. Rf1 Qe3+ 25. Qxe3 Nxe3 26. Rc1 Re5 27. Rd2
Rae8 28. b6 Nc4 29. Rd4 Nxb6 30. Kf2 Rf5+ 31. Kg1 Rc5 32. Kf2 h5 33. h3 Kg7 34.
Rc2 Ree5 35. Rc1 g5 0-1

[Event "Superbet CRO Blitz 2024"]
[Site "Zagreb CRO"]
[Date "2024.07.14"]
[Round "14.4"]
[White "Giri, Anish"]
[Black "Vachier-Lagrave, Maxime"]
[Result "0-1"]
[WhiteTitle "GM"]
[BlackTitle "GM"]
[WhiteElo "2745"]
[BlackElo "2718"]
[WhiteFideId "24116068"]
[BlackFideId "623539"]
[EventDate "2024.07.13"]

1. Nf3 d5 2. d4 Nf6 3. c4 e6 4. Nc3 Nbd7 5. Bf4 Bb4 6. cxd5 exd5 7. e3 Ne4 8.
Qc2 O-O 9. Bd3 Ndf6 10. O-O Bxc3 11. bxc3 c5 12. c4 cxd4 13. Nxd4 Nc5 14. Be2 b6
15. Rfd1 Bd7 16. Nb3 Rc8 17. Bd6 Bf5 18. Qxf5 Qxd6 19. cxd5 Nce4 20. Bf3 g6 21.
Qf4 Qxf4 22. exf4 Rfd8 23. Rd3 h5 24. Re1 Nc3 25. d6 Nxa2 26. h3 Nb4 27. Rd2 Rc3
28. Re3 Rxe3 29. fxe3 Ne8 30. Nd4 Rxd6 31. Rd1 Nc7 32. Rc1 Ne6 33. Nxe6 Rxe6 34.
Rc3 h4 35. g3 hxg3 36. Kg2 a5 37. Kxg3 Na6 38. Bd5 Nc5 39. Kf3 Rd6 40. e4 Kg7
41. Ba8 Rd3+ 42. Rxd3 Nxd3 43. Ke3 Nb4 44. Kd4 a4 45. Kc3 a3 46. f5 g5 47. e5
Nd3 48. f6+ Kf8 49. Kb3 Nxe5 50. Kxa3 Nd7 51. Kb4 Nxf6 52. Kb5 Nd7 53. Bg2 Ke7
54. Kc6 f5 55. Bf1 Ne5+ 56. Kxb6 Kd6 57. Kb5 Kd5 58. Kb4 Kd4 59. Kb3 f4 60. Kc2
Ke3 61. Kc3 f3 62. Ba6 f2 0-1

[Event "Superbet CRO Blitz 2024"]
[Site "Zagreb CRO"]
[Date "2024.07.14"]
[Round "14.5"]
[White "Nepomniachtchi, Ian"]
[Black "Vidit, Santosh Gujrathi"]
[Result "0-1"]
[WhiteTitle "GM"]
[BlackTitle "GM"]
[WhiteElo "2770"]
[BlackElo "2720"]
[WhiteFideId "4168119"]
[BlackFideId "5029465"]
[EventDate "2024.07.13"]

1. e4 e5 2. f4 exf4 3. Nf3 Nc6 4. d4 g5 5. d5 Nce7 6. Nxg5 Ng6 7. Nf3 Bg7 8. Nc3
d6 9. Bb5+ Bd7 10. Bxd7+ Qxd7 11. O-O N8e7 12. Ne2 Be5 13. Ned4 O-O-O 14. a4
Rhg8 15. Kh1 Rg7 16. Qd3 Rdg8 17. Rf2 Bxd4 18. Qxd4 Kb8 19. Bd2 f5 20. Bc3 fxe4
21. Qxe4 Rf7 22. Ng5 Qf5 23. Qe6 Qxe6 24. dxe6 Rf5 25. Nxh7 Ne5 26. Raf1 Nd5 27.
e7 Re8 28. g4 Nxg4 29. Re2 Nge3 30. Rg1 b6 31. Rg5 Rf7 32. Rh5 Rexe7 33. Ng5 Rf5
34. Rh8+ Kb7 35. Nf3 Nxc3 36. bxc3 Rc5 37. Rf8 Re4 38. h4 Rxa4 39. Kh2 Re4 40.
Kh3 Rxc3 41. h5 Rc5 42. Rh8 Re7 43. Nh4 Rg7 44. Ng6 Rxh5+ 45. Rxh5 Rxg6 46. Rf2
Rg3+ 47. Kh4 Rg4+ 48. Kh3 Rg1 49. Rh7 Rh1+ 50. Rh2 Rxh2+ 51. Kxh2 Nxc2 0-1

[Event "Superbet CRO Blitz 2024"]
[Site "Zagreb CRO"]
[Date "2024.07.14"]
[Round "15.1"]
[White "Firouzja, Alireza"]
[Black "Caruana, Fabiano"]
[Result "1-0"]
[WhiteTitle "GM"]
[BlackTitle "GM"]
[WhiteElo "2744"]
[BlackElo "2796"]
[WhiteFideId "12573981"]
[BlackFideId "2020009"]
[EventDate "2024.07.13"]

1. e4 e5 2. Nf3 Nc6 3. Bc4 Bc5 4. d3 d6 5. c3 Bb6 6. a4 a6 7. b4 h6 8. h3 Nge7
9. Nbd2 Ng6 10. Nf1 O-O 11. Ng3 Be6 12. Qb3 Bxc4 13. Qxc4 Nce7 14. O-O Qd7 15.
Be3 d5 16. Qb3 Bxe3 17. fxe3 Rad8 18. Rad1 dxe4 19. dxe4 Qe6 20. Qxe6 fxe6 21.
h4 Nc6 22. h5 Nh8 23. b5 axb5 24. axb5 Na7 25. Nxe5 Rxf1+ 26. Rxf1 Nxb5 27. c4
Nd6 28. c5 Ndf7 29. Nf3 Ng5 30. Rb1 Rb8 31. Ne5 b6 32. Nc6 Rb7 33. Rb4 Nhf7 34.
Ne2 e5 35. Nc1 Ne6 36. Nd3 Kf8 37. Rb5 Ke8 38. Kf2 Nfg5 39. Rb4 Nf7 40. Kf3 Ned8
41. Nxd8 Nxd8 42. cxb6 cxb6 43. Nxe5 b5 44. Kg4 Nf7 45. Nf3 Ke7 46. Nd4 Nd6 47.
e5 Nc4 48. Kf4 Na3 49. Rb3 b4 50. Nc6+ Ke6 51. Rxb4 Rxb4+ 52. Nxb4 Nc4 53. Nd3
Kd5 54. e4+ Kd4 55. Ne1 Kc5 56. Nf3 Kc6 57. Nd4+ Kd7 58. Nf5 1-0

[Event "Superbet CRO Blitz 2024"]
[Site "Zagreb CRO"]
[Date "2024.07.14"]
[Round "15.2"]
[White "Saric, Ivan"]
[Black "Vidit, Santosh Gujrathi"]
[Result "1-0"]
[WhiteTitle "GM"]
[BlackTitle "GM"]
[WhiteElo "2690"]
[BlackElo "2720"]
[WhiteFideId "14508150"]
[BlackFideId "5029465"]
[EventDate "2024.07.13"]

1. Nf3 Nf6 2. g3 c5 3. Bg2 Nc6 4. O-O e5 5. e4 Be7 6. c3 d6 7. d4 cxd4 8. cxd4
Bg4 9. d5 Nd4 10. Be3 Nxe4 11. Bxd4 exd4 12. Qxd4 Nf6 13. Nc3 O-O 14. Rfe1 Re8
15. a4 a6 16. h3 Bf5 17. g4 Bg6 18. Nd2 Nd7 19. f4 Bf6 20. Rxe8+ Qxe8 21. Qf2 h5
22. g5 Bxc3 23. bxc3 Bf5 24. Nc4 Qf8 25. a5 Nc5 26. Rd1 Re8 27. Re1 Rc8 28. Bf1
g6 29. Qd4 Nd7 30. h4 Rc7 31. Kf2 Nc5 32. Nxd6 Bd7 33. Qf6 Ba4 34. f5 Nd7 35.
Qe7 Qxe7 36. Rxe7 gxf5 37. Bd3 Rxc3 38. Bxf5 Nf8 39. Nxf7 Rc4 40. Nh6+ Kh8 41.
g6 Nxg6 42. Bxg6 1-0

[Event "Superbet CRO Blitz 2024"]
[Site "Zagreb CRO"]
[Date "2024.07.14"]
[Round "15.3"]
[White "So, Wesley"]
[Black "Gukesh, D"]
[Result "1-0"]
[WhiteTitle "GM"]
[BlackTitle "GM"]
[WhiteElo "2757"]
[BlackElo "2763"]
[WhiteFideId "5202213"]
[BlackFideId "46616543"]
[EventDate "2024.07.13"]

1. e4 c5 2. Nf3 Nc6 3. Bb5 d6 4. O-O Bd7 5. Re1 Nf6 6. h3 a6 7. Bf1 Rg8 8. d3 h6
9. e5 dxe5 10. Nxe5 Nxe5 11. Rxe5 e6 12. Nd2 g5 13. g3 Qc7 14. Re1 h5 15. Bg2 h4
16. Qf3 Be7 17. Qxb7 Qxb7 18. Bxb7 Ra7 19. Bg2 g4 20. hxg4 Nxg4 21. Ne4 f5 22.
Nc3 hxg3 23. fxg3 Bf6 24. Bf3 Bd4+ 25. Kg2 Ne5 26. Bh5+ Kd8 27. Ne2 Bc6+ 28. Kf1
Rh7 29. Nf4 Rxg3 30. Nxe6+ Kc8 31. Nxd4 Rxh5 32. Nxc6 Nxc6 33. Kf2 Rg4 34. c3
Rh2+ 35. Kf3 Rh3+ 36. Kf2 Kd7 37. Be3 Rh2+ 38. Kf1 Ne5 39. Bxc5 Nf3 40. Re2 Rh1+
41. Kf2 Rxa1 42. Kxf3 Rxa2 43. Re7+ Kc6 44. Ba3 Ra1 45. Rf7 Rf1+ 46. Ke2 Rgg1
47. d4 Rf4 1-0

[Event "Superbet CRO Blitz 2024"]
[Site "Zagreb CRO"]
[Date "2024.07.14"]
[Round "15.4"]
[White "Giri, Anish"]
[Black "Nepomniachtchi, Ian"]
[Result "1/2-1/2"]
[WhiteTitle "GM"]
[BlackTitle "GM"]
[WhiteElo "2745"]
[BlackElo "2770"]
[WhiteFideId "24116068"]
[BlackFideId "4168119"]
[EventDate "2024.07.13"]

1. Nf3 f5 2. d4 Nf6 3. g3 g6 4. Bg2 Bg7 5. O-O O-O 6. c4 d6 7. Nc3 e6 8. Re1 Nc6
9. d5 Ne5 10. Nd4 Nxc4 11. Nxe6 Bxe6 12. dxe6 c6 13. e4 fxe4 14. Nxe4 d5 15. Ng5
Qe7 16. b3 Ne4 17. Nxe4 dxe4 18. Rb1 Rad8 19. Qc2 Nd6 20. Bxe4 Qxe6 21. Bf4 Nxe4
22. Rxe4 Qd5 23. Rbe1 Rd7 24. h4 c5 25. Be5 b6 26. Bxg7 Rxg7 27. Re7 Rgf7 28.
Rxf7 Rxf7 29. Re8+ Rf8 30. Re7 Rf7 31. Re8+ Rf8 32. Re7 Rf7 1/2-1/2

[Event "Superbet CRO Blitz 2024"]
[Site "Zagreb CRO"]
[Date "2024.07.14"]
[Round "15.5"]
[White "Vachier-Lagrave, Maxime"]
[Black "Aronian, Levon"]
[Result "1-0"]
[WhiteTitle "GM"]
[BlackTitle "GM"]
[WhiteElo "2718"]
[BlackElo "2729"]
[WhiteFideId "623539"]
[BlackFideId "13300474"]
[EventDate "2024.07.13"]

1. e4 e6 2. d4 d5 3. Nc3 Bb4 4. exd5 exd5 5. Bd3 c6 6. Ne2 Ne7 7. Ng3 Nd7 8. O-O
O-O 9. Nce2 Re8 10. Nf4 g6 11. Qf3 Nf8 12. c3 Bd6 13. Bd2 Be6 14. Rae1 Nc8 15.
Ngh5 gxh5 16. Nxh5 Ng6 17. Nf6+ Kg7 18. Bg5 Be7 19. Rxe6 fxe6 20. Bh6+ Kh8 21.
Nxh7 Rg8 22. Qh5 Qe8 23. Nf6 Nf4 24. Bg7+ Kxg7 25. Nxe8+ Kf8 26. Qh6+ Kxe8 27.
Qxf4 Nd6 28. Qe5 Kd7 29. Re1 Rae8 30. Qxe6+ Kd8 31. Bf5 Nxf5 32. Qxf5 1-0

[Event "Superbet CRO Blitz 2024"]
[Site "Zagreb CRO"]
[Date "2024.07.14"]
[Round "16.1"]
[White "Gukesh, D"]
[Black "Firouzja, Alireza"]
[Result "1-0"]
[WhiteTitle "GM"]
[BlackTitle "GM"]
[WhiteElo "2763"]
[BlackElo "2744"]
[WhiteFideId "46616543"]
[BlackFideId "12573981"]
[EventDate "2024.07.13"]

1. Nf3 c5 2. g3 Nc6 3. Bg2 g6 4. O-O Bg7 5. c4 d6 6. Nc3 Bf5 7. d3 Qd7 8. Be3
Bh3 9. d4 Bxg2 10. Kxg2 cxd4 11. Nxd4 Nf6 12. f3 h5 13. h4 Rc8 14. b3 O-O 15.
Rc1 Rfd8 16. Qd2 Kh7 17. Rfd1 a6 18. a4 Nxd4 19. Bxd4 Bh6 20. Be3 Bxe3 21. Qxe3
Qe6 22. Qd4 Rg8 23. Qf4 Rc5 24. e4 g5 25. hxg5 Rcxg5 26. Ne2 Nd7 27. Rh1 Nc5 28.
Qe3 Qg6 29. Rh3 e5 30. Rch1 Ne6 31. Kf2 f5 32. exf5 Rxf5 33. g4 Rg5 34. Rxh5+
Kg7 35. Qd2 Rxh5 36. Rxh5 Rd8 37. Ng3 Nf4 38. Nf5+ Kf7 39. Rh6 Qg5 40. Kf1 d5
41. Qb4 Ne6 42. Qxb7+ Kg8 43. Qh7+ Kf8 44. Qh8+ Kf7 45. Rh7+ Kg6 46. Rg7+ Kf6
47. Rg8+ Ng7 1-0

[Event "Superbet CRO Blitz 2024"]
[Site "Zagreb CRO"]
[Date "2024.07.14"]
[Round "16.2"]
[White "Caruana, Fabiano"]
[Black "Vachier-Lagrave, Maxime"]
[Result "1/2-1/2"]
[WhiteTitle "GM"]
[BlackTitle "GM"]
[WhiteElo "2796"]
[BlackElo "2718"]
[WhiteFideId "2020009"]
[BlackFideId "623539"]
[EventDate "2024.07.13"]

1. e4 c5 2. Nf3 d6 3. d4 cxd4 4. Nxd4 Nf6 5. Nc3 a6 6. Qd3 Nbd7 7. g3 g6 8. Bg2
Bg7 9. O-O O-O 10. h3 Qc7 11. Rd1 b5 12. Nd5 Nxd5 13. exd5 Ne5 14. Qe2 Bb7 15.
b3 Rfe8 16. Be3 Qc3 17. Rac1 Rac8 18. Kh2 Nd7 19. Nc6 Bxc6 20. dxc6 Nb8 21. a4
bxa4 22. bxa4 Qa5 23. c4 Nxc6 24. c5 Qxa4 25. cxd6 exd6 26. Rxd6 Nb4 27. Rxc8
Rxc8 28. Qg4 Rf8 29. Bc5 a5 30. Rb6 Rd8 31. Be7 Re8 32. Rb7 Qc2 33. Qf3 Qc4 34.
Bd6 h5 35. h4 Be5 36. Rc7 Qxh4+ 37. Bh3 Qf6 38. Qxf6 Bxf6 39. Bf1 Be5 40. Bxe5
Rxe5 41. Bc4 Rf5 42. Kg2 Kg7 43. Ra7 Nc2 44. Bb3 Nd4 45. Bc4 Nf3 46. Be2 Nd4 47.
Bd3 Rf6 48. Rxa5 Rd6 49. Bc4 Nf5 50. Ra7 Rf6 51. Bd3 Nh6 52. Be2 Rd6 53. Bf3 Nf5
54. Be4 Nd4 55. Rb7 Ne6 56. Bf3 Ng5 57. Ra7 Kh6 58. Be2 Rd2 59. Bf3 f5 60. Ra4
Nf7 61. Ra5 Rd4 62. Rd5 Rb4 63. Ra5 Ng5 64. Bd5 f4 65. Ra6 Rd4 66. Bc6 fxg3 67.
fxg3 Rd2+ 68. Kf1 Rd6 69. Bb5 Rd8 70. Kg2 Ne4 71. Kf3 Nd6 72. Bd3 Rf8+ 73. Kg2
Rf6 74. Rb6 g5 75. Ra6 g4 76. Rb6 Kg7 77. Ra6 Nf7 78. Rxf6 Kxf6 79. Bb5 Nh6 80.
Be8 Kg5 81. Ba4 Nf5 82. Be8 Ng7 83. Ba4 Kf6 84. Bb3 Ne6 85. Ba4 Ke7 86. Bc2 Kf6
87. Ba4 Nc5 88. Be8 Kg5 89. Bf7 Ne4 90. Be8 Nd6 91. Ba4 Kf5 92. Bc2+ Ne4 93. Ba4
Ke5 94. Be8 Nf6 95. Bf7 Kd4 96. Bg6 Ke3 97. Bf7 Ne4 98. Bxh5 Nxg3 99. Bxg4 1/2-1/2

[Event "Superbet CRO Blitz 2024"]
[Site "Zagreb CRO"]
[Date "2024.07.14"]
[Round "16.3"]
[White "Nepomniachtchi, Ian"]
[Black "Saric, Ivan"]
[Result "1-0"]
[WhiteTitle "GM"]
[BlackTitle "GM"]
[WhiteElo "2770"]
[BlackElo "2690"]
[WhiteFideId "4168119"]
[BlackFideId "14508150"]
[EventDate "2024.07.13"]

1. e4 c5 2. Nf3 d6 3. b4 cxb4 4. d4 Nf6 5. Bd3 e5 6. dxe5 dxe5 7. Nxe5 Be7 8.
O-O O-O 9. Bb2 Qc7 10. Nd2 a5 11. f4 a4 12. Ndf3 Na6 13. Ng5 a3 14. Bd4 Bc5 15.
Bc4 Rd8 16. Bxf7+ Kf8 17. Bd5 Nxd5 18. Bxc5+ Qxc5+ 19. Kh1 h6 20. Qh5 Qc7 21.
exd5 Rxd5 22. Qg6 Rd6 23. Qh7 hxg5 24. fxg5+ 1-0